Statistics for 100 Most Used Passwords

Click here to take the quiz!

General Stats

  • This quiz has been taken 62 times
  • The average score is 10 of 100

Answer Stats

# Password % Correct
521234
95%
2password
84%
512345
84%
1123456
82%
71234567
75%
412345678
75%
3123456789
75%
9qwerty
46%
44abcdef
41%
6111111
34%
68hello
32%
24password1
32%
19654321
29%
40222222
27%
4755555
20%
14666666
20%
15abc123
20%
85aaaaaa
16%
26zxcvbnm
16%
63computer
14%
17123123
14%
10iloveyou
13%
16football
5%
23donald
5%
43letmein
5%
18monkey
5%
70hunter
4%
20!@#$%^&*
4%
75banana
4%
5512341234
4%
12admin
4%
27121212
4%
98london
4%
25qwerty123
4%
57lakers
2%
81cookie
2%
84killer
2%
32baseball
2%
8sunshine
2%
72amanda
2%
60starwars
2%
31passw0rd
2%
93pussy
2%
79trustno1
0%
781991
0%
74jennifer
0%
711989
0%
731990
0%
76chelsea
0%
77ranger
0%
69nicole
0%
92admin123
0%
95querty
0%
94liverpool
0%
96william
0%
97soccer
0%
100biteme
0%
991992
0%
91whatever
0%
90dallas
0%
83bandit
0%
82ashley
0%
861q2w3e
0%
87zaq1zaq1
0%
89hockey
0%
88test
0%
80merlin
0%
50pepper
0%
36thomas
0%
35hannah
0%
34daniel
0%
37summer
0%
38george
0%
41jessica
0%
39harley
0%
33buster
0%
30shadow
0%
13welcome
0%
11princess
0%
21charlie
0%
22aa123456
0%
29freedom
0%
28bailey
0%
42ginger
0%
45solo
0%
61ferrari
0%
591qaz2wsx
0%
62cheese
0%
64corvette
0%
66blahblah
0%
65mercedes
0%
58andrea
0%
56andrew
0%
48tigger
0%
46jordan
0%
49joshua
0%
51sophie
0%
54matthew
0%
53robert
0%
67maverick
0%

Score Distribution

Percentile by Number Answered

Percent of People with Each Score

Your Score History

You have not taken this quiz